The Odyssey of Homer / (Record no. 6732)

MARC details
000 -LEADER
fixed length control field 00494nam a22001697a 4500
003 - CONTROL NUMBER IDENTIFIER
control field OSt
005 - DATE AND TIME OF LATEST TRANSACTION
control field 20240506082906.0
008 - FIXED-LENGTH DATA ELEMENTS--GENERAL INFORMATION
fixed length control field 240506b |||||||| |||| 00| 0 eng d
040 ## - CATALOGING SOURCE
Transcribing agency N
082 ## - DEWEY DECIMAL CLASSIFICATION NUMBER
Classification number 883.01 H766 1999
100 ## - MAIN ENTRY--PERSONAL NAME
Personal name Richmond, Lattimore
245 ## - TITLE STATEMENT
Title The Odyssey of Homer /
Statement of responsibility, etc. Homer, Richmond Lattimore
260 ## - PUBLICATION, DISTRIBUTION, ETC.
Name of publisher, distributor, etc. Harper Perennial, New York, 1999
300 ## - PHYSICAL DESCRIPTION
Extent x, 374 pages ; 21 cm
650 ## - SUBJECT ADDED ENTRY--TOPICAL TERM
Geographic subdivision Odysseus, King of Ithaca (Mythological character) Poetry
942 ## - ADDED ENTRY ELEMENTS (KOHA)
Source of classification or shelving scheme Dewey Decimal Classification
Koha item type English Book
Suppress in OPAC No
Holdings
Withdrawn status Lost status Source of classification or shelving scheme Damaged status Not for loan Home library Current library Date acquired Total Checkouts Full call number Barcode Date last seen Price effective from Koha item type
    Dewey Decimal Classification     CENTRAL CENTRAL 07/08/2024   883.01 H766 1999 1000000015878 07/08/2024 07/08/2024 English Book